000
00242nam a22000977a 4500
999
_c
11707
_d
11707
008
200110b ||||| |||| 00| 0 eng d
020
_a
059013695X
100
_a
Gannet Stiles Ruth
_9
7402
245
_a
My Father's Dragon
260
_a
New York
_c
1948